00689nam a2200241 a 4500001001300000003000900013005001700022008004100039020001000080082001800090100002100108245002600129260003400155300000800189500003500197505001000232650003600242700002100278902000800299942000700307952011800314999001500432nice12345678IN_TiNIC20260116011645.0050524s1960 boma grp 000 0 eng  ac10000a297.1229bHUS aHusain, Ashfaque aQuintessence of Islam aBombaybAsia Pub. Housec1960 a92p aincludes index and biblioraphy2 aIndex aQuran-Surah Fatiha Hermaneutics1 aHusain, Ashfaque bSRS cBK 001040708StackRoom-aHMIbHMId2007-08-07g100.00l0o297.1229 HUSp05316r2007-08-07v100.00w2005-05-24yBK c3195d3195